Building for peace on Gandhi's ideas on Social(Adult) education (Record no. 59147)

MARC details
000 -LEADER
fixed length control field 00394nam a2200145Ia 4500
005 - DATE AND TIME OF LATEST TRANSACTION
control field 20240821152058.0
008 - FIXED-LENGTH DATA ELEMENTS--GENERAL INFORMATION
fixed length control field 240821s9999||||xx |||||||||||||| ||und||
082 ## - DEWEY DECIMAL CLASSIFICATION NUMBER
Classification number 374 NAY
100 ## - MAIN ENTRY--PERSONAL NAME
Personal name Nayyar, Dev Prakash
245 #0 - TITLE STATEMENT
Title Building for peace on Gandhi's ideas on Social(Adult) education
260 ## - PUBLICATION, DISTRIBUTION, ETC.
Place of publication, distribution, etc. Delhi
Name of publisher, distributor, etc. Atma Ram & Sons.
Date of publication, distribution, etc. 1952
300 ## - PHYSICAL DESCRIPTION
Extent 93p
650 ## - SUBJECT ADDED ENTRY--TOPICAL TERM
Topical term or geographic name entry element Adult Education
942 ## - ADDED ENTRY ELEMENTS (KOHA)
Koha item type Book
Holdings
Withdrawn status Lost status Damaged status Not for loan Home library Current library Date acquired Total checkouts Barcode Date last seen Price effective from Koha item type
        Library and Documentation Division NCERT Library and Documentation Division NCERT 08/21/2024   41721 08/21/2024 08/21/2024 Book